| 000 | 00564nam a22001937a 4500 | ||
|---|---|---|---|
| 999 |
_c18718 _d18718 |
||
| 003 | AR-CdUCM | ||
| 008 | 190515b ||||| |||| 00| 0 spa d | ||
| 040 |
_aMUNICIPALIDAD PROVINCIAL DEL CUSCO _cBIBLIOTECA MUNICIPAL DEL CUSCO |
||
| 082 |
_a985.064 / _bC46 |
||
| 245 | _aCentenario de Jose Pardo / | ||
| 260 |
_aLima : _bLibreria e Imprenta Gil, _c1965. |
||
| 300 |
_a220 paginas ; _c22 cm. |
||
| 500 | _aVida de Jose Pardo | ||
| 650 |
_aVida _9884 |
||
| 650 |
_aObra _91250 |
||
| 650 |
_aJose Pardo _939473 |
||
| 942 |
_2ddc _cLIBROS |
||
| 945 |
_apjha _d2019-05-15 |
||